| 000 | 00808nmm a2200313 a 4500 | ||
|---|---|---|---|
| 003 | AR-BaBNM | ||
| 005 | 20251128210144.0 | ||
| 008 | 039019s1998 ||||||||||||||000 | spa|| | ||
| 020 | _a987-97180-0-3 | ||
| 040 | _cAR-BaBNM | ||
| 100 | 1 | _aVukovic, Tomislav | |
| 245 | 1 | 0 | _aEl antisemitismo histórico de Serbia |
| 260 |
_aBuenos Aires _b[s.n.] _c1998 |
||
| 300 | 0 |
_a192 p. _bil., láms. |
|
| 504 | _aBibliografía p. 186-190 | ||
| 650 | 4 | _aANTISEMITISMO | |
| 650 | 4 | _aCRISTIANISMO | |
| 650 | 4 | _aDISCRIMINACION RACIAL | |
| 650 | 4 | _aJUDIOS | |
| 650 | 4 | _aIDEOLOGIAS | |
| 650 | 4 | _aNAZISMO | |
| 650 | 4 | _aHISTORIA POLITICA | |
| 650 | 4 | _aDISCRIMINACION RELIGIOSA | |
| 650 | 4 | _aHISTORIA DE LAS RELIGIONES | |
| 651 | 4 | _aSerbia | |
| 700 | 1 | _aStefan, Ljubica | |
| 942 | _cBK | ||
| 998 | _cMariana | ||
| 999 |
_c14295 _d14295 |
||